000 00800nam a2200277 a 4500
003 AR-BaBNM
005 20251128203300.0
008 082120s2002 ||||||||||||||000 | spa||
020 _a2.01.008054.8
040 _cAR-BaBNM
100 1 _aMauger, Gastón
245 0 0 _aCours de langue et de civilisation françaises
_bpour les étudiants de tous pays oweage couronné par l'Académie française. 1
260 _aParis
_bHachette
_c1984
300 _a243 p.
_bil.
650 4 _aENSEÑANZA DE IDIOMAS
650 4 _aFRANCES
650 4 _aFONETICA
650 4 _aGRAMATICA
650 4 _aVOCABULARIO
650 4 _aACTIVIDADES DE APRENDIZAJE
653 _aEDUCACION SECUNDARIA
700 1 _aLamaison, J.
_ecolaborador
700 1 _aHameau, M.A.
_ecolaborador
942 _cBK
998 _cCarmen
999 _c2701
_d2701